Library Banner

Islam / (Record no. 101734)

MARC details
000 -LEADER
fixed length control field 00371nam a22001457a 4500
005 - DATE AND TIME OF LATEST TRANSACTION
control field 20180116122801.0
008 - FIXED-LENGTH DATA ELEMENTS--GENERAL INFORMATION
fixed length control field 180116b xxu||||| |||| 00| 0 eng d
040 ## - CATALOGING SOURCE
Transcribing agency PK-LaUMT
082 ## - DEWEY DECIMAL CLASSIFICATION NUMBER
Classification number PKAC 297
Item number SAE-I
100 ## - MAIN ENTRY--PERSONAL NAME
Personal name Saeed Akhtar Rizvi
245 ## - TITLE STATEMENT
Title Islam /
Statement of responsibility, etc Saeed Akhtar Rizvi
260 ## - PUBLICATION, DISTRIBUTION, ETC. (IMPRINT)
Place of publication, distribution, etc Tehran:
Name of publisher, distributor, etc A group of Muslim brothers,
Date of publication, distribution, etc [ ]
300 ## - PHYSICAL DESCRIPTION
Extent 58
942 ## - ADDED ENTRY ELEMENTS (KOHA)
Koha item type Books
Holdings
Withdrawn status Lost status Damaged status Home library Current library Date acquired Full call number Barcode Date last seen Price effective from Koha item type
      UMT Main Campus UMT Main Campus 2018-01-16 PKAC 297 SAE-I 117700 2018-01-16 2018-01-16 Books